Performance of afforestation schemes in Punjab (Record no. 688465)

MARC details
000 -LEADER
fixed length control field 00652nam a2200229Ia 4500
003 - CONTROL NUMBER IDENTIFIER
control field OSt
005 - DATE AND TIME OF LATEST TRANSACTION
control field 20220927104736.0
008 - FIXED-LENGTH DATA ELEMENTS--GENERAL INFORMATION
fixed length control field 220926b |||||||| |||| 00| 0 eng d
037 ## - SOURCE OF ACQUISITION
Terms of availability Reference Collections
040 ## - CATALOGING SOURCE
Original cataloging agency RTL
Transcribing agency RTL
Language of cataloging eng
041 ## - LANGUAGE CODE
Source of code eng
Language code of text/sound track or separate title eng
110 ## - MAIN ENTRY--CORPORATE NAME
Corporate name or jurisdiction name as entry element "Punjab, Economic adviser"
245 #0 - TITLE STATEMENT
Title Performance of afforestation schemes in Punjab
260 ## - PUBLICATION, DISTRIBUTION, ETC.
Date of publication, distribution, etc. 1987
700 ## - ADDED ENTRY--PERSONAL NAME
Personal name "Punjab, Economic adviser"
942 ## - ADDED ENTRY ELEMENTS (KOHA)
Classification part "X9(JB).243.N8, M7/GD"
Koha item type

No items available.

Copyright @ Delhi University Library System